Retailové bankovníctvo bakalárska práca

Guardado en:
Detalles Bibliográficos
Autor principal: Toporová, Mária
Autor Corporativo: Národohospodárska fakulta EU. Katedra bankovníctva a medzinárodných financií
Otros Autores: Dudáková, Nina
Formato: Libro
Lenguaje:eslovaco
Publicado: Bratislava 2011
Etiquetas: Agregar Etiqueta
Sin Etiquetas, Sea el primero en etiquetar este registro!

MARC

LEADER 00000nam a2200000 4500
001 0155067
005 20240320072144.4
041 0 |a slo 
044 |a SK 
245 1 0 |a Retailové bankovníctvo  |b bakalárska práca  |c Mária Toporová ; školiteľ: Nina Dudáková 
264 1 |a Bratislava  |c 2011 
300 |a 50 s. 
100 1 |a Toporová, Mária 
700 1 |a Dudáková, Nina 
710 2 |a Národohospodárska fakulta EU. Katedra bankovníctva a medzinárodných financií